Cơ sở dữ liệu = (Data Base) /

保存先:
書誌詳細
第一著者: Đỗ Trung Tuấn
フォーマット: 図書
言語:Vietnamese
出版事項: Giáo dục 1997
タグ: タグ追加
タグなし, このレコードへの初めてのタグを付けませんか!
Thư viện lưu trữ: Mạng thư viện Đại học Đà Nẵng
LEADER 00627nam a2200265 4500
001 000027265
003 ĐÔ-T97
005 20150403120000.0
008 150403s vm 000 vie
020 |c 0,0000 
040 |a notts 
100 |a Đỗ Trung Tuấn 
245 |a Cơ sở dữ liệu = (Data Base) /  |c Đỗ Trung Tuấn. 
260 |b Giáo dục  |c 1997 
OWN |a LTT 
999 |a From the UDN01 
TYP |a Monograph 
TYP |a Printed language 
980 |a Mạng thư viện Đại học Đà Nẵng